000
00189 a2200097 4500
020
_a
9789978807842
041
_a
spa
100
_a
Francisco Delgado
245
_a
Taca Taca- tan
942
_c
BK
999
_c
11098
_d
11098